[Event "HUN-chT2 Barcza 1819"]
[Site "Hungary"]
[Date "2019.02.10"]
[Round "7.6"]
[White "Orso, Janos"]
[Black "Miklosi, Attila"]
[Result "1/2-1/2"]
[WhiteElo "2057"]
[BlackElo "2079"]
[PlyCount "51"]
[EventDate "2018.09.23"]
[EventType "team-tourn"]
[EventRounds "11"]
[EventCountry "HUN"]
[SourceTitle "CBM 189 Extra"]
[Source "ChessBase"]
[SourceDate "2019.06.03"]
[SourceVersion "1"]
[SourceVersionDate "2019.06.03"]
[SourceQuality "1"]
[WhiteTeam "Nyiregyhaza"]
[BlackTeam "Hajduboszormeny"]
[WhiteTeamCountry "HUN"]
[BlackTeamCountry "HUN"]

1. d4 Nf6 2. c4 g6 3. Nc3 d5 4. cxd5 Nxd5 5. e4 Nxc3 6. bxc3 Bg7 7. Be3 0-0 8. Bc4 Nc6 9. Ne2 e5 10. 0-0 Qe7 11. d5 Na5 12. Bd3 f5 13. Qa4 b6 14. Qb4 Qd8 15. f3 c5 16. Qb2 c4 17. Bc2 f4 18. Bf2 g5 19. g4 fxg3 20. Bxg3 h5 21. Kg2 Qf6 22. Ng1 h4 23. Be1 g4 24. Bd1 gxf3+ 25. Bxf3 Qg5+ 26. Kh1 1/2-1/2

[Event "HUN-chT2 Barcza 1819"]
[Site "Hungary"]
[Date "2018.12.02"]
[Round "5.5"]
[White "Ecsedi, Sandor"]
[Black "Orso, Janos"]
[Result "1-0"]
[WhiteElo "1968"]
[BlackElo "2057"]
[PlyCount "55"]
[EventDate "2018.09.23"]
[EventType "team-tourn"]
[EventRounds "11"]
[EventCountry "HUN"]
[SourceTitle "CBM 189 Extra"]
[Source "ChessBase"]
[SourceDate "2019.06.03"]
[SourceVersion "1"]
[SourceVersionDate "2019.06.03"]
[SourceQuality "1"]
[WhiteTeam "Hajduszoboszlo"]
[BlackTeam "Nyiregyhaza"]
[WhiteTeamCountry "HUN"]
[BlackTeamCountry "HUN"]

1. e4 c5 2. Nc3 Nc6 3. g3 g6 4. Bg2 Bg7 5. d3 d6 6. Be3 e6 7. Qd2 Nd4 8. Nd1 Ne7 9. c3 Ndc6 10. Bh6 0-0 11. h4 f6 12. Bxg7 Kxg7 13. h5 g5 14. f4 h6 15. Ne3 Bd7 16. Nf3 Ng8 17. Nc2 Rb8 18. d4 Qe7 19. 0-0-0 cxd4 20. Nfxd4 Nxd4 21. Qxd4 Rfd8 22. Qxd6 Be8 23. Qxe7+ Nxe7 24. Rxd8 Rxd8 25. Nd4 Rd6 26. e5 fxe5 27. fxe5 Rb6 28. g4 1-0

[Event "HUN-chT2 Barcza 1819"]
[Site "Hungary"]
[Date "2018.09.23"]
[Round "1.4"]
[White "Orso, Janos"]
[Black "Juhasz, Bela"]
[Result "1/2-1/2"]
[WhiteElo "2057"]
[BlackElo "2093"]
[PlyCount "26"]
[EventDate "2018.09.23"]
[EventType "team-tourn"]
[EventRounds "11"]
[EventCountry "HUN"]
[SourceTitle "CBM 189 Extra"]
[Source "ChessBase"]
[SourceDate "2019.06.03"]
[SourceVersion "1"]
[SourceVersionDate "2019.06.03"]
[SourceQuality "1"]
[WhiteTeam "Nyiregyhaza"]
[BlackTeam "Edeleny"]
[WhiteTeamCountry "HUN"]
[BlackTeamCountry "HUN"]

1. d4 Nf6 2. c4 g6 3. Nc3 d5 4. cxd5 Nxd5 5. e4 Nxc3 6. bxc3 Bg7 7. Be3 c5 8. Bc4 0-0 9. Ne2 Nc6 10. Qd2 Qc7 11. Rc1 Bd7 12. 0-0 Rfd8 13. Rfd1 Na5 1/2-1/2

[Event "HUN-chT2 Charousek 1516"]
[Site "Hungary"]
[Date "2015.10.18"]
[Round "1.5"]
[White "Lakos, Nikoletta"]
[Black "Orso, Janos"]
[Result "1/2-1/2"]
[WhiteElo "2277"]
[BlackElo "2095"]
[PlyCount "44"]
[EventDate "2015.10.18"]
[EventType "team-tourn"]
[EventRounds "9"]
[EventCountry "HUN"]
[SourceTitle "CBM 170 Extra"]
[Source "ChessBase"]
[SourceDate "2016.02.25"]
[SourceVersion "1"]
[SourceVersionDate "2016.02.25"]
[SourceQuality "1"]
[WhiteTeam "Haladas II"]
[BlackTeam "Balatonfuered"]
[WhiteTeamCountry "HUN"]
[BlackTeamCountry "HUN"]

1. e4 c5 2. b3 Nc6 3. Bb2 d6 4. Bb5 Qc7 5. Nc3 Bd7 6. Nf3 Nf6 7. Qe2 e6 8. 0-0-0 Nd4 9. Bxd7+ Qxd7 10. Qd3 Nc6 11. h3 Be7 12. g4 0-0-0 13. Qe3 Ne8 14. d4 cxd4 15. Nxd4 Nxd4 16. Rxd4 Kb8 17. Rhd1 Rc8 18. Kb1 Bd8 19. Qg3 Bc7 20. f4 Bb6 21. R4d3 Qc6 22. Qf3 Ba5 1/2-1/2

[Event "Budapest FS07 FM-A"]
[Site "Budapest"]
[Date "2015.07.08"]
[Round "5"]
[White "Orso, Janos"]
[Black "Steer, Jozsef"]
[Result "1-0"]
[WhiteElo "2160"]
[BlackElo "1849"]
[PlyCount "99"]
[EventDate "2015.07.04"]
[EventType "tourn"]
[EventRounds "9"]
[EventCountry "HUN"]
[SourceTitle "CBM 167 Extra"]
[Source "ChessBase"]
[SourceDate "2015.09.14"]
[SourceVersion "1"]
[SourceVersionDate "2015.09.14"]
[SourceQuality "1"]

1. d4 d5 2. c4 c6 3. Nc3 Nf6 4. Bg5 e6 5. e3 Be7 6. Nf3 Nbd7 7. Qc2 Qa5 8. Bxf6 Nxf6 9. Nd2 Bb4 10. Bd3 Bxc3 11. bxc3 0-0 12. 0-0 Qc7 13. f4 g6 14. Be2 b6 15. g4 Ba6 16. g5 Nd7 17. Rf2 Bxc4 18. Nxc4 dxc4 19. Bxc4 c5 20. Bb5 Rfd8 21. Rc1 a6 22. Bf1 b5 23. a4 c4 24. Bg2 Rab8 25. axb5 axb5 26. Rb1 Rb6 27. Qa2 Rdb8 28. Qa5 Qd6 29. Qb4 Qxb4 30. Rxb4 Kf8 31. Ra2 Ke7 32. Kf2 Kd6 33. Ra5 Ke7 34. h4 Kd6 35. Bf3 Ke7 36. h5 Kd6 37. h6 Ke7 38. Ra7 Kd6 39. e4 Ke7 40. e5 Ke8 41. Ke3 Rd8 42. Ra5 Rdb8 43. Kd2 Ke7 44. Kc2 Ke8 45. Kb2 Ke7 46. Ka3 Ke8 47. Be4 Ke7 48. Rb1 Ke8 49. Kb4 Kd8 50. Rba1 1-0

[Event "Budapest FS06 FM-A"]
[Site "Budapest"]
[Date "2015.06.12"]
[Round "6"]
[White "Orso, Janos"]
[Black "Letay, Gyula"]
[Result "1-0"]
[WhiteElo "2194"]
[BlackElo "1977"]
[PlyCount "73"]
[EventDate "2015.06.06"]
[EventType "tourn"]
[EventRounds "10"]
[EventCountry "HUN"]
[SourceTitle "CBM 166 Extra"]
[Source "ChessBase"]
[SourceDate "2015.06.18"]
[SourceVersion "1"]
[SourceVersionDate "2015.06.18"]
[SourceQuality "1"]

1. d4 d5 2. c4 c6 3. Nc3 e6 4. e4 dxe4 5. Nxe4 Bb4+ 6. Nc3 Nf6 7. Nf3 Ne4 8. Qd3 Nxc3 9. bxc3 Be7 10. Bf4 0-0 11. Be2 b6 12. Ne5 Bb7 13. Bf3 f6 14. Ng4 Bd6 15. Bg3 Qc7 16. 0-0 Nd7 17. Rfe1 Rae8 18. a4 Re7 19. Ne3 Bxg3 20. hxg3 g6 21. Re2 Rfe8 22. Rae1 e5 23. Ng4 Qd6 24. Qb1 f5 25. c5 Qc7 26. cxb6 axb6 27. Nxe5 Nxe5 28. Rxe5 Rxe5 29. Rxe5 Rxe5 30. dxe5 Qxe5 31. Qxb6 Qxc3 32. Be2 Qd2 33. Bc4+ Kf8 34. Qxb7 Qd1+ 35. Bf1 Qxa4 36. Qxh7 Qg4 37. Qh4 1-0

[Event "Budapest FS06 FM-A"]
[Site "Budapest"]
[Date "2015.06.09"]
[Round "4"]
[White "Bensaid, Simon"]
[Black "Orso, Janos"]
[Result "0-1"]
[WhiteElo "1893"]
[BlackElo "2194"]
[PlyCount "50"]
[EventDate "2015.06.06"]
[EventType "tourn"]
[EventRounds "10"]
[EventCountry "HUN"]
[SourceTitle "CBM 166 Extra"]
[Source "ChessBase"]
[SourceDate "2015.06.18"]
[SourceVersion "1"]
[SourceVersionDate "2015.06.18"]
[SourceQuality "1"]

1. e4 c5 2. Nf3 Nc6 3. d4 cxd4 4. Nxd4 Nf6 5. Nc3 e6 6. Ndb5 Bb4 7. a3 Bxc3+ 8. Nxc3 d5 9. exd5 exd5 10. Bd3 Bg4 11. f3 Qe7+ 12. Ne2 Bd7 13. 0-0 Ne5 14. Nd4 Nxd3 15. Qxd3 0-0 16. Bg5 Rfe8 17. Kh1 Qd6 18. Bxf6 Qxf6 19. Rae1 Qb6 20. b4 Rac8 21. Rxe8+ Rxe8 22. Rd1 g6 23. h3 a6 24. Nb3 Qf2 25. Nd4 Re3 0-1

[Event "Budapest FS06 FM-A"]
[Site "Budapest"]
[Date "2015.06.07"]
[Round "2"]
[White "Nagy, Laszlo"]
[Black "Orso, Janos"]
[Result "1-0"]
[WhiteElo "1978"]
[BlackElo "2194"]
[PlyCount "79"]
[EventDate "2015.06.06"]
[EventType "tourn"]
[EventRounds "10"]
[EventCountry "HUN"]
[SourceTitle "CBM 166 Extra"]
[Source "ChessBase"]
[SourceDate "2015.06.18"]
[SourceVersion "1"]
[SourceVersionDate "2015.06.18"]
[SourceQuality "1"]

1. c4 Nf6 2. Nc3 d5 3. d4 c6 4. e3 Bg4 5. Nf3 e6 6. Bd3 Bb4 7. 0-0 Nbd7 8. Qc2 Bxf3 9. gxf3 Bd6 10. f4 h6 11. f3 Nh5 12. Qf2 Qe7 13. Bd2 0-0-0 14. c5 Bc7 15. b4 f5 16. b5 g5 17. bxc6 Nxc5 18. dxc5 bxc6 19. Ne2 Qxc5 20. Rac1 Qd6 21. Nd4 c5 22. Nb5 Qb6 23. Rxc5 Qxc5 24. Rc1 Nxf4 25. exf4 Qxf2+ 26. Kxf2 Rd7 27. Ba5 Rhh7 28. Nxc7 Rxc7 29. Ba6+ Kb8 30. Rxc7 Rxc7 31. Bxc7+ Kxc7 32. Ke3 Kd6 33. Bc8 Ke7 34. h3 Kf6 35. fxg5+ hxg5 36. Kd4 f4 37. a4 a5 38. Ba6 Kg6 39. Ke5 Kh5 40. Bc8 1-0

[Event "HUN-chT2 Erkel 0809"]
[Site "Hungary"]
[Date "2009.04.05"]
[Round "10.2"]
[White "Vereb, Gabor"]
[Black "Orso, Janos"]
[Result "1-0"]
[WhiteElo "2207"]
[BlackElo "2201"]
[PlyCount "59"]
[EventDate "2008.10.26"]
[EventType "team-tourn"]
[EventRounds "11"]
[EventCountry "HUN"]
[SourceTitle "EXT 2010"]
[Source "ChessBase"]
[SourceDate "2010.11.25"]
[SourceVersion "1"]
[SourceVersionDate "2010.11.25"]
[SourceQuality "1"]
[WhiteTeam "Godollo"]
[BlackTeam "MAFC"]
[WhiteTeamCountry "HUN"]
[BlackTeamCountry "HUN"]

1. e4 c5 2. Nf3 e6 3. d3 Nc6 4. g3 d6 5. Bg2 Be7 6. 0-0 g5 7. Nbd2 Bd7 8. a4 h5 9. Nc4 Nh6 10. Bxg5 Bxg5 11. Nxd6+ Kf8 12. Nxb7 Qe7 13. Nxg5 Qxg5 14. f4 Qg7 15. c3 Ng4 16. Qe1 Nd4 17. Nxc5 Be8 18. Rc1 Rc8 19. b4 Rxc5 20. bxc5 Nb3 21. Rb1 Nxc5 22. d4 Nxa4 23. Rb8 Nb6 24. Qa1 f6 25. e5 Nd5 26. Bxd5 exd5 27. Qa3+ Qe7 28. Qxe7+ Kxe7 29. Ra1 Rh7 30. Rxa7+ 1-0

[Event "HUN-chT2 Breyer 0708"]
[Site "Hungary"]
[Date "2007.12.16"]
[Round "5"]
[White "Orso, Janos"]
[Black "Pallagi, Janos"]
[Result "1-0"]
[WhiteElo "2205"]
[BlackElo "1984"]
[PlyCount "67"]
[EventDate "2007.10.14"]
[EventType "team"]
[EventRounds "11"]
[EventCountry "HUN"]
[SourceTitle "EXT 2009"]
[Source "ChessBase"]
[SourceDate "2008.11.26"]
[SourceVersion "1"]
[SourceVersionDate "2008.11.26"]
[SourceQuality "1"]
[WhiteTeam "MAFC"]
[BlackTeam "Honved II"]
[WhiteTeamCountry "HUN"]
[BlackTeamCountry "HUN"]

1. d4 d5 2. c4 e6 3. Nc3 c6 4. e3 f5 5. Nh3 Nf6 6. Bd3 Bd6 7. Qc2 Ne4 8. Bd2 0-0 9. 0-0-0 Nd7 10. Be1 Qe7 11. f3 Nxc3 12. Qxc3 e5 13. cxd5 cxd5 14. Qb3 Nb6 15. dxe5 Qxe5 16. Kb1 Kh8 17. Bg3 Qe7 18. Nf4 Bxf4 19. exf4 Bd7 20. Rhe1 Qf6 21. Qb4 Rfe8 22. Bf2 Rac8 23. Bd4 Qc6 24. Re7 Rg8 25. Qe1 Rce8 26. Rc1 Qd6 27. Rxe8 Rxe8 28. Qg3 Qf8 29. Rc7 Rc8 30. Bxb6 Rxc7 31. Bxc7 Qc5 32. Be5 Qg1+ 33. Kc2 Qc5+ 34. Kd2 1-0

[Event "Budapest FS06 FM-A"]
[Site "Budapest"]
[Date "2007.06.09"]
[Round "8"]
[White "Orso, Janos"]
[Black "Mizsei, Janos"]
[Result "1-0"]
[WhiteElo "2188"]
[BlackElo "2161"]
[PlyCount "113"]
[EventDate "2007.06.02"]
[EventType "tourn"]
[EventRounds "11"]
[EventCountry "HUN"]
[SourceTitle "CBM 118 Extra"]
[Source "ChessBase"]
[SourceDate "2007.07.04"]
[SourceVersion "1"]
[SourceVersionDate "2007.07.04"]
[SourceQuality "1"]

1. d4 d5 2. c4 c6 3. Nc3 Nf6 4. Nf3 dxc4 5. a4 Bf5 6. Ne5 e6 7. Nxc4 Bb4 8. f3 0-0 9. Bg5 h6 10. Bh4 Qd5 11. e3 Nbd7 12. Be2 Bh7 13. 0-0 Qh5 14. Bg3 Nd5 15. Qb3 Bxc3 16. bxc3 b6 17. e4 N5f6 18. Rfe1 Qg6 19. Qa3 b5 20. Na5 Rfc8 21. axb5 cxb5 22. Bxb5 Qg5 23. Bc6 Rxc6 24. Nxc6 Nh5 25. Qe7 Ndf6 26. Rxa7 Re8 27. Qxf7+ Kh8 28. Qc7 Qd2 29. Ne5 Bg8 30. Bf2 Kh7 31. g4 Qg5 32. h4 Qf4 33. gxh5 Nxh5 34. Kf1 Qd2 35. c4 Rf8 36. Qa5 Qf4 37. Re3 Rb8 38. Qd2 Qh2 39. Qa2 Nf4 40. Ke1 Qh1+ 41. Kd2 Rb1 42. Re1 Rxe1 43. Bxe1 Qg1 44. Qa1 Qh2+ 45. Kc3 Ne2+ 46. Kb4 Nf4 47. Bc3 Qxh4 48. c5 Qd8 49. Qa5 Qb8+ 50. Qb6 Qf8 51. Qd6 Qc8 52. Qe7 Nh5 53. Ng4 Qb8+ 54. Rb7 Qf4 55. d5 exd5 56. Nf6+ Kg6 57. Qe8+ 1-0

[Event "Budapest FS06 FM-A"]
[Site "Budapest"]
[Date "2007.06.08"]
[Round "7"]
[White "Elbaruni, Mohamed"]
[Black "Orso, Janos"]
[Result "1/2-1/2"]
[WhiteElo "2045"]
[BlackElo "2188"]
[PlyCount "115"]
[EventDate "2007.06.02"]
[EventType "tourn"]
[EventRounds "11"]
[EventCountry "HUN"]
[SourceTitle "CBM 118 Extra"]
[Source "ChessBase"]
[SourceDate "2007.07.04"]
[SourceVersion "1"]
[SourceVersionDate "2007.07.04"]
[SourceQuality "1"]

1. d4 Nf6 2. Nf3 d6 3. c4 Nbd7 4. Nc3 g6 5. e4 e5 6. Be3 Bg7 7. d5 0-0 8. Be2 h6 9. Nd2 Nc5 10. b4 Na6 11. a3 c5 12. Rb1 b6 13. 0-0 Ne8 14. bxc5 Nxc5 15. Nb3 f5 16. f3 f4 17. Bf2 Bd7 18. Nxc5 dxc5 19. a4 Rf7 20. a5 Nd6 21. Qb3 Nc8 22. Ra1 Rf6 23. axb6 Rxb6 24. Qa3 Rab8 25. Qa5 Bf8 26. Bxc5 Bxc5+ 27. Qxc5 Rb3 28. Nb5 Rb2 29. Bd3 Bxb5 30. cxb5 Nd6 31. Qc3 Qb6+ 32. Kh1 Qd4 33. Qxd4 exd4 34. e5 Nxb5 35. Ra6 Rb6 36. Rxb6 axb6 37. Bxg6 Nc7 38. d6 Ne6 39. Bf5 Kf7 40. g3 Re2 41. Be4 d3 42. Bxd3 Rxe5 43. Bc4 Ke8 44. Rb1 Nd4 45. Rxb6 Kd7 46. Kg2 Rc5 47. Bd3 Rc6 48. Rb7+ Kxd6 49. gxf4 Ke6 50. Rh7 Nf5 51. Kh3 Rd6 52. Bxf5+ Kxf5 53. Rf7+ Kg6 54. Rf8 Kg7 55. Rf5 Kg6 56. Re5 Rd1 57. Re6+ Kg7 58. f5 1/2-1/2

[Event "Budapest FS06 FM-A"]
[Site "Budapest"]
[Date "2007.06.02"]
[Round "1"]
[White "Orso, Janos"]
[Black "Gruz, Janos"]
[Result "1/2-1/2"]
[WhiteElo "2188"]
[BlackElo "2011"]
[PlyCount "38"]
[EventDate "2007.06.02"]
[EventType "tourn"]
[EventRounds "11"]
[EventCountry "HUN"]
[SourceTitle "CBM 118 Extra"]
[Source "ChessBase"]
[SourceDate "2007.07.04"]
[SourceVersion "1"]
[SourceVersionDate "2007.07.04"]
[SourceQuality "1"]

1. d4 d5 2. Nf3 Nc6 3. Bf4 Nf6 4. e3 Bg4 5. Bb5 a6 6. Ba4 e6 7. h3 Bh5 8. Nbd2 b5 9. Bb3 Bd6 10. Bxd6 cxd6 11. a3 0-0 12. c3 Na5 13. Bc2 Nc4 14. Qb1 Bg6 15. Bxg6 hxg6 16. 0-0 Qe7 17. b3 Nxd2 18. Nxd2 Rac8 19. Qd3 g5 1/2-1/2

[Event "HUN-chT2 Erkel 0607"]
[Site "Hungary"]
[Date "2006.12.17"]
[Round "4"]
[White "Orso, Janos"]
[Black "Lazar, Janos"]
[Result "1/2-1/2"]
[WhiteElo "2195"]
[BlackElo "2170"]
[PlyCount "89"]
[EventDate "2006.11.12"]
[EventType "team"]
[EventRounds "11"]
[EventCountry "HUN"]
[SourceTitle "EXT 2008"]
[Source "ChessBase"]
[SourceDate "2007.11.25"]
[SourceVersion "1"]
[SourceVersionDate "2007.11.25"]
[SourceQuality "1"]
[WhiteTeam "MAFC"]
[BlackTeam "Keviterv"]
[WhiteTeamCountry "HUN"]
[BlackTeamCountry "HUN"]

1. d4 d5 2. c4 e6 3. Nc3 Bb4 4. Nf3 dxc4 5. Bg5 Ne7 6. Qa4+ Nbc6 7. 0-0-0 Bxc3 8. bxc3 Qd5 9. e4 Qa5 10. Qxc4 Qa3+ 11. Kb1 b5 12. Qb3 Qa5 13. d5 f6 14. Bd2 Ne5 15. Nxe5 fxe5 16. Qxb5+ Qxb5+ 17. Bxb5+ Kf7 18. Bc4 Rd8 19. Be3 exd5 20. exd5 Kf6 21. Bb3 a5 22. a3 Bf5+ 23. Ka1 Rab8 24. Ba2 Bc2 25. Rd2 Bb3 26. Rb1 Bxa2 27. Rxb8 Rxb8 28. Kxa2 Nf5 29. Rb2 Rd8 30. Rb5 a4 31. Rc5 Nxe3 32. fxe3 Kf5 33. Rc4 e4 34. Rd4 Ke5 35. c4 Rf8 36. Kb2 Rb8+ 37. Kc2 Rb3 38. c5 Rb5 39. Rxa4 Rxc5+ 40. Kb3 Rxd5 41. Rc4 Rd3+ 42. Rc3 Rd2 43. Rxc7 Rxg2 44. Rc5+ Kd6 45. Rh5 1/2-1/2

[Event "HUN-chT2 Breyer 0506"]
[Site "Hungary"]
[Date "2006.03.19"]
[Round "9"]
[White "Antal, Jozsef"]
[Black "Orso, Janos"]
[Result "1/2-1/2"]
[WhiteElo "2097"]
[BlackElo "2195"]
[PlyCount "20"]
[EventDate "2005.10.16"]
[EventType "team"]
[EventRounds "11"]
[EventCountry "HUN"]
[SourceTitle "EXT 2009"]
[Source "ChessBase"]
[SourceDate "2008.11.26"]
[SourceVersion "1"]
[SourceVersionDate "2008.11.26"]
[SourceQuality "1"]
[WhiteTeam "Balatonfuered"]
[BlackTeam "MAFC"]
[WhiteTeamCountry "HUN"]
[BlackTeamCountry "HUN"]

1. e4 c5 2. Nc3 e6 3. g3 Nc6 4. Bg2 Rb8 5. d3 d6 6. f4 g6 7. Nf3 Bg7 8. 0-0 Nge7 9. Be3 0-0 10. Rb1 b5 1/2-1/2

[Event "HUN-chT2 Breyer 0506"]
[Site "Hungary"]
[Date "2005.11.13"]
[Round "3"]
[White "Orso, Janos"]
[Black "Eros, Gyorgy"]
[Result "0-1"]
[WhiteElo "2195"]
[BlackElo "2106"]
[PlyCount "50"]
[EventDate "2005.10.16"]
[EventType "team"]
[EventRounds "11"]
[EventCountry "HUN"]
[SourceTitle "EXT 2009"]
[Source "ChessBase"]
[SourceDate "2008.11.26"]
[SourceVersion "1"]
[SourceVersionDate "2008.11.26"]
[SourceQuality "1"]
[WhiteTeam "MAFC"]
[BlackTeam "Vertesi Eromu"]
[WhiteTeamCountry "HUN"]
[BlackTeamCountry "HUN"]

1. d4 d5 2. c4 e6 3. Nc3 Nf6 4. Bg5 Nbd7 5. e3 Be7 6. Nf3 0-0 7. Qc2 c5 8. cxd5 cxd4 9. Nxd4 Nxd5 10. Bxe7 Nxe7 11. Bd3 g6 12. 0-0 Nf6 13. Rfd1 Bd7 14. Ne4 Nc6 15. Qc5 Nxd4 16. Qxd4 Nxe4 17. Qxe4 f5 18. Qxb7 Rb8 19. Qxa7 Rxb2 20. Rab1 Rxb1 21. Bxb1 Rf7 22. a4 Qc8 23. a5 Ba4 24. Qd4 Bxd1 25. Qxd1 Rc7 0-1

[Event "HUN-chT2 Breyer 0506"]
[Site "Hungary"]
[Date "2005.10.30"]
[Round "2"]
[White "Orso, Janos"]
[Black "Szabo, Lajos"]
[Result "1-0"]
[WhiteElo "2195"]
[BlackElo "2072"]
[PlyCount "79"]
[EventDate "2005.10.16"]
[EventType "team"]
[EventRounds "11"]
[EventCountry "HUN"]
[SourceTitle "EXT 2009"]
[Source "ChessBase"]
[SourceDate "2008.11.26"]
[SourceVersion "1"]
[SourceVersionDate "2008.11.26"]
[SourceQuality "1"]
[WhiteTeam "MAFC"]
[BlackTeam "Zoltek"]
[WhiteTeamCountry "HUN"]
[BlackTeamCountry "HUN"]

1. d4 d5 2. c4 e6 3. Nc3 Nf6 4. Bg5 Be7 5. e3 Nbd7 6. Nf3 h6 7. Bh4 c6 8. Qc2 0-0 9. Bd3 dxc4 10. Bxc4 Nb6 11. Be2 Nbd5 12. 0-0 Re8 13. Rfd1 Qa5 14. Ne5 Nxc3 15. bxc3 Qc7 16. Bg3 Bd6 17. c4 c5 18. Bf3 Re7 19. Rab1 g5 20. Ng6 Re8 21. Bxd6 Qxd6 22. dxc5 Qc7 23. Qc3 Kg7 24. Ne5 Qxc5 25. Rb5 Qe7 26. Rdb1 a6 27. Rb6 Ra7 28. h3 Kg8 29. Qb2 Qc7 30. Nc6 bxc6 31. Qxf6 Qe7 32. Qxh6 c5 33. Be4 f6 34. Qg6+ Kf8 35. Rd1 Rd8 36. Qh6+ Kg8 37. Bh7+ Kh8 38. Bg6+ Kg8 39. Qh7+ Qxh7 40. Rxd8+ 1-0

[Event "HUN-chT2 Breyer 0405"]
[Site "Hungary"]
[Date "2005.02.20"]
[Round "8"]
[White "Suranyi, Pal"]
[Black "Orso, Janos"]
[Result "1/2-1/2"]
[WhiteElo "2174"]
[BlackElo "2228"]
[PlyCount "30"]
[EventDate "2004.09.26"]
[EventType "team"]
[EventRounds "11"]
[EventCountry "HUN"]
[SourceTitle "EXT 2009"]
[Source "ChessBase"]
[SourceDate "2008.11.26"]
[SourceVersion "1"]
[SourceVersionDate "2008.11.26"]
[SourceQuality "1"]
[WhiteTeam "Pet"]
[BlackTeam "MAFC"]
[WhiteTeamCountry "HUN"]
[BlackTeamCountry "HUN"]

1. d4 Nf6 2. c4 e6 3. Nf3 Bb4+ 4. Nbd2 0-0 5. g3 d5 6. Bg2 Nbd7 7. 0-0 a5 8. a3 Be7 9. b3 Ne8 10. Bb2 Ndf6 11. Qc2 Nd6 12. Ne5 c6 13. Rad1 Nd7 14. Nxd7 Bxd7 15. e4 dxe4 1/2-1/2

[Event "HUN-chT2 Breyer 0405"]
[Site "Hungary"]
[Date "2004.09.26"]
[Round "1"]
[White "Bednay, Bence"]
[Black "Orso, Janos"]
[Result "1-0"]
[WhiteElo "2154"]
[BlackElo "2228"]
[PlyCount "59"]
[EventDate "2004.09.26"]
[EventType "team"]
[EventRounds "11"]
[EventCountry "HUN"]
[SourceTitle "EXT 2009"]
[Source "ChessBase"]
[SourceDate "2008.11.26"]
[SourceVersion "1"]
[SourceVersionDate "2008.11.26"]
[SourceQuality "1"]
[WhiteTeam "Barcza"]
[BlackTeam "MAFC"]
[WhiteTeamCountry "HUN"]
[BlackTeamCountry "HUN"]

1. e4 c5 2. Nf3 Nc6 3. c4 g6 4. d4 cxd4 5. Nxd4 Bg7 6. Be3 d6 7. Nc3 Nf6 8. Be2 0-0 9. 0-0 Nd7 10. Nb3 b6 11. Rc1 Nc5 12. f3 Be6 13. Nd4 Nxd4 14. Bxd4 Qd7 15. Be3 f5 16. exf5 gxf5 17. b4 Nb7 18. Qd2 Rac8 19. Rfd1 Kh8 20. Nb5 Nd8 21. c5 bxc5 22. bxc5 a6 23. Nc3 Qb7 24. cxd6 exd6 25. Qxd6 Rxc3 26. Rxc3 Qb2 27. Bd4 Bxd4+ 28. Qxd4+ Kg8 29. Bc4 Bxc4 30. Qxc4+ 1-0

[Event "HUN-chT2 Breyer 0304"]
[Site "Hungary"]
[Date "2004.03.21"]
[Round "9"]
[White "Orso, Janos"]
[Black "Mincsovics, Miklos"]
[Result "0-1"]
[WhiteElo "2256"]
[BlackElo "2159"]
[PlyCount "42"]
[EventDate "2003.09.28"]
[EventType "team"]
[EventRounds "11"]
[EventCountry "HUN"]
[SourceTitle "EXT 2009"]
[Source "ChessBase"]
[SourceDate "2008.11.26"]
[SourceVersion "1"]
[SourceVersionDate "2008.11.26"]
[SourceQuality "1"]
[WhiteTeam "MAFC"]
[BlackTeam "Szentendre"]
[WhiteTeamCountry "HUN"]
[BlackTeamCountry "HUN"]

1. d4 Nf6 2. c4 g6 3. Nc3 d5 4. e3 Bg7 5. Nf3 0-0 6. Ne5 c5 7. cxd5 Nxd5 8. Qb3 Nxc3 9. bxc3 cxd4 10. cxd4 Bxe5 11. dxe5 Qa5+ 12. Bd2 Qxe5 13. Rc1 Nd7 14. h4 Nb6 15. Bc3 Qe4 16. Qa3 Bf5 17. Bd2 Rac8 18. Rd1 Nc4 19. Bxc4 Qxg2 20. Bf1 Qxh1 21. Qxe7 Bd3 0-1

[Event "HUN-chT2 Breyer 0304"]
[Site "Hungary"]
[Date "2003.11.30"]
[Round "4"]
[White "Orso, Janos"]
[Black "Bottyan, Peter"]
[Result "0-1"]
[WhiteElo "2256"]
[BlackElo "2163"]
[PlyCount "62"]
[EventDate "2003.09.28"]
[EventType "team"]
[EventRounds "11"]
[EventCountry "HUN"]
[SourceTitle "EXT 2009"]
[Source "ChessBase"]
[SourceDate "2008.11.26"]
[SourceVersion "1"]
[SourceVersionDate "2008.11.26"]
[SourceQuality "1"]
[WhiteTeam "MAFC"]
[BlackTeam "Komarom"]
[WhiteTeamCountry "HUN"]
[BlackTeamCountry "HUN"]

1. d4 Nf6 2. c4 d6 3. Nc3 e5 4. dxe5 dxe5 5. Qxd8+ Kxd8 6. Bg5 c6 7. Nf3 Nbd7 8. Bh4 Bb4 9. Rc1 a5 10. a3 Bd6 11. Ne4 Be7 12. Neg5 Ke8 13. Bg3 h6 14. Nh3 Ng4 15. Nhg1 f5 16. h3 f4 17. Bh4 Ngf6 18. Bxf6 Bxf6 19. e3 g5 20. Ne2 Nc5 21. Nc3 Bf5 22. Rd1 a4 23. Be2 Ke7 24. 0-0 h5 25. Kh2 g4 26. Nd2 Bg5 27. e4 Be6 28. Rg1 Rad8 29. Ndb1 Rhf8 30. f3 Bh4 31. Bf1 Bg3+ 0-1

[Event "HUN-chT2 Erkel 0203"]
[Site "Hungary"]
[Date "2003.03.02"]
[Round "8"]
[White "Orso, Janos"]
[Black "Gorda, Ferenc"]
[Result "1/2-1/2"]
[WhiteElo "2275"]
[BlackElo "2118"]
[PlyCount "30"]
[EventDate "2002.09.22"]
[EventType "team"]
[EventRounds "11"]
[EventCountry "HUN"]
[SourceTitle "EXT 2009"]
[Source "ChessBase"]
[SourceDate "2008.11.26"]
[SourceVersion "1"]
[SourceVersionDate "2008.11.26"]
[SourceQuality "1"]

1. d4 c6 2. e4 d5 3. e5 Bf5 4. g4 Be4 5. f3 Bg6 6. Ne2 e6 7. Be3 Be7 8. Bf2 Bh4 9. Ng3 h5 10. Nd2 hxg4 11. fxg4 Qb6 12. Nb3 Nd7 13. Qd2 a5 14. Qc3 Qb4 15. 0-0-0 Qxc3 1/2-1/2